000 00614nas a2200217 4500
001 BR9506546
003 BR-BrBNA
005 20231205094452.0
007 ta
008 230509b bl.|||p| |||| 00| 00por d
040 _aBR-BrBNA
_bpor
_cBiblioteca Nacional de Agricultura
041 _a(Pt)
072 _aF01
100 1 _aStegemann, C.
245 1 _aPequenas areas. Salto de qualidade
650 _aDiversificacao de Cultura
650 _aSanta Catarina
773 0 _tGlobo Rural (Brazil)
_x
_g(Jun 1995), v. 10(116) p. 25-29
_wBR9506546
909 _a202311
_bLúcia
_c55
_dLúcia Elande
942 _2AGRIS
_n0
_cANA
999 _c144548
_d144548